The role of exchanges in balance of payments adjustment (Registro nro. 26438)

Detalles MARC
000 -LEADER
fixed length control field 00396 a2200133 4500
001 - CONTROL NUMBER
control field ART_12543
005 - DATE AND TIME OF LATEST TRANSACTION
control field 20260410161907.0
008 - FIXED-LENGTH DATA ELEMENTS--GENERAL INFORMATION
fixed length control field 260409a
100 1# - MAIN ENTRY--PERSONAL NAME
Personal name Ball, R. J.
245 10 - TITLE STATEMENT
Title The role of exchanges in balance of payments adjustment
700 1# - ADDED ENTRY--PERSONAL NAME
Personal name Burns, T.
700 1# - ADDED ENTRY--PERSONAL NAME
Personal name Laury, J. S. E.
773 0# - HOST ITEM ENTRY
Title The Economic Journal
Related parts - Vol. 87, Nº 345 (mar. 1977)
Record control number REV12512

No hay ítems disponibles.